Представление документа в формате RUSMARC

ПолеНазваниеЗначение
  Тип записи a
  Библиографический уровень a
001 Контрольный номер RU/CBS_UL/BASE/2c6f79a94902423dae1d717eba00e707
005 Дата корректировки 20250321154216.2
100 Данные общей обработки __
a Данные общей обработки 20250321 ||| 0rusy0189 ca
101 Язык документа 0_
a Язык текста rus
102 Страна публикации __
a Страна публикации RU
200 Заглавие и сведения об ответственности 1_
a Заглавие Телеграмма после смерти
e Сведения, относящиеся к заглавию [история любви Р. Рождественского и А. Киреевой]
300 Общие примечания __
a Общие примечания 16+
461 Уровень набора _0
1 2000
a Тайны СССР
463 Уровень физической единицы _0
1 2000
a № 4
v С. 22-23 : фото
1 2101
d 2025
1 001RU/CBS_UL/BASE/7c107a6106bc4e12989734a7f1aa07f4
600 Персоналии _1
a Персоналии (Фамилия) Рождественский
b Персоналии (Имя, инициалы) Р. И.
606 Тематические рубрики 0_
a Основная рубрика Рождественский, Роберт Иванович (1932-1994)
610 Ключевые слова 0_
a Ключевые слова поэты
610 Ключевые слова 0_
a Ключевые слова советские поэты
610 Ключевые слова 0_
a Ключевые слова поэты советские
610 Ключевые слова 0_
a Ключевые слова поэты-шестидесятники
610 Ключевые слова 0_
a Ключевые слова любовные истории поэтов
610 Ключевые слова 0_
a Ключевые слова личная жизнь поэтов
686 Индексы других классификаций __
2 Код системы rubbk
a Классификационный индекс 83.3(2Рос=Рус)6
801 Источник записи _0
a Страна RU
b Организация МБУК ЦБС г. Ульяновска
c Дата составления 20250321
g Правила каталогизации RCR
801 Источник записи _1
a Страна RU
b Организация МБУК ЦБС г. Ульяновска
c Дата составления 20250321
g Правила каталогизации RCR
901 Тип документа __
t Тип документа b
w Контрольный № источника RU/CBS_UL/BASE/7c107a6106bc4e12989734a7f1aa07f4
909 Создатель записи __
a Создатель записи lib2